| 000 | 00597nam a22002537a 4500 | ||
|---|---|---|---|
| 005 | 20250828145305.0 | ||
| 008 | 161007b xxu||||| |||| 00| 0 spa d | ||
| 020 | _a9977678375 | ||
| 041 | _aESP | ||
| 082 | _aCR 862.44 C235s | ||
| 100 |
_aCañas, Alberto _925591 |
||
| 245 | _aLa segua | ||
| 260 | _aCosta Rica | ||
| 260 | _bEUCR | ||
| 260 | _c2003 | ||
| 300 | _a84 páginas | ||
| 490 | _aTemática General | ||
| 650 | _aTEMÁTICA GENERAL | ||
| 650 | _aTEATRO COSTARRICENSE | ||
| 650 | _aLITERATURA COSTARRICENSE | ||
| 650 | _aLEYENDA | ||
| 650 | _aCOSTA RICA | ||
| 942 |
_cLIT _2ddc |
||
| 999 |
_c8512 _d8512 |
||